| 000 | 01160nam a2200313 i 4500 | ||
|---|---|---|---|
| 001 | 179748 | ||
| 003 | ES-MaACL | ||
| 005 | 20250819170425.0 | ||
| 008 | 120118s2002 sp aco |||| |dspa d | ||
| 020 | _a84-96025-07-1 | ||
| 080 | _a323.23-055.2"19" | ||
| 080 | _a331-055.2"19" | ||
| 080 | _a37.04-055.2"19" | ||
| 245 | 0 | 4 |
_aLas mujeres en la construcción del mundo contemporáneo / _cTeresa Marín Eced, Mª del Mar del Pozo Andrés (editoras). |
| 260 |
_aCuenca : _bPublicaciones de la Diputación Provincial de Cuenca, _c[2002] |
||
| 300 |
_a318 p. : _bil. col. y n., fot. ; _c24 cm. |
||
| 490 | 1 |
_aLetras de mujer ; _v1 |
|
| 504 | _aReferencias bibliográficas. | ||
| 650 | 0 | 7 |
_aFeminismo- _yS.XX _2 _9149100 |
| 650 | 0 | 7 |
_aMujeres- _xTrabajo. _915318 |
| 650 | 4 |
_aMujeres- _xEducación _912094 |
|
| 700 | 1 |
_aMarín Eced, Teresa. _9149101 |
|
| 700 | 1 |
_aPozo Andrés, María del Mar del. _993544 |
|
| 710 | 1 |
_aCuenca (Provincia). _bDiputación Provincial. _93346 |
|
| 830 | 0 | 0 |
_aLetras de mujer _v1 _9224525 |
| 852 |
_aES-MaACL _jA-11932 _9186648 _bR.146861 _cDEPO1 _dOlim: N-4937 |
||
| 942 |
_2udc _cMONOGRAFIA |
||
| 999 |
_c179748 _d179748 |
||